Estatísticas para Países que começam com as letras "G" e "H"

Clique aqui para jogar o quiz

Estatísticas Gerais

  • Esse quiz foi jogado 973 vezes
  • A pontuação média é 12 de 15

Estatísticas das Respostas

Países% Correto
HONDURAS
89%
GUATEMALA
85%
GUINÉ
85%
GANA
84%
GABÃO
82%
GUIANA
82%
GUINÉ BISSAU
82%
GÂMBIA
80%
GUINÉ EQUATORIAL
80%
HAITI
80%
HOLANDA
78%
HUNGRIA
78%
GRÉCIA
77%
GEÓRGIA
74%
GRANADA
71%

Distribuição das Pontuações

Percentil de Números Respondidos

Porcentagem de Pessoas com Cada Pontuação

Sua Pontuação Histórica

Você não jogou esse quiz